Postaw na milion 361 - Statystyki

Ogólne statystyki
  • Ten quiz został rozwiązany 8 razy
  • Średni wynik to 5 z 11
Statystyki odpowiedzi
Zagadnienie Odpowiedź % Poprawnych
Ile co najmniej głosów elektorskich musi zdobyć kandydat na prezydenta USA, żeby otrzymać urząd? 270
86%
"Lava cake", modny deser, to inaczej: fondant czekoladowy
71%
Gdzie leży państwo Sierra Leone? w Afryce
71%
Przez które góry przedostał się kartagiński wódz Hannibal ze swoją armią podczas drugiej wojny punickiej? Alpy
57%
Który z tych kamieni szlachetnych nie jest związkiem chemicznym glinu? opal
57%
Jeden węzeł to ile mil morskich na godzinę? 1
29%
"Wiktorio! Nie kop pana, bo się spocisz." Która aktorka wypowiada te słowa w filmie "Kingsajz"? Beata Tyszkiewicz
29%
W polskich lasach największą powierzchnię zajmują drzewostany sosnowe. Na drugim miejscu są: dębowe
29%
Kąt płaski, którego miara łukowa wynosi π/2 radianów to: kąt prosty
29%
Na liście miliarderów magazynu"Forbes" w 2024 roku znalazły się dwie piosenkarki. Jedna to Taylor Swift, a druga? Rihanna
29%
W 2023 roku w plebiscycie telewizji holenderskiej na narodowy kwiat kraju wygrał nie tulipan, ale... stokrotka
29%
Nie znaleziono quizów pasujących do podanych kryteriów
Rozkład punktacji
Procent ludzi z każdym wynikiem
Percentyl według liczby udzielonych odpowiedzi
Twoja historia wyników
Nie rozwiązałeś tego quizu